Alle Friedensnobelpreisträger - Statistiken

Allgemein
  • Dieses Quiz wurde 35 mal gespielt
  • Das Durchschnittsergebnis liegt bei 7 aus 141
Antwortstatistiken
Hint Antwort % Korrekt
2009, Vereinigte Staaten Barack Obama
83%
1993, Südafrika Nelson Mandela
48%
1971, BR Deutschland Willy Brandt
48%
2012, Europa Europäische Union
45%
1990, Sowjetunion Michail Gorbatschow
34%
1952, Frankreich Albert Schweitzer
31%
1906, Vereinigte Staaten Theodore Roosevelt
31%
1979, Indien Mutter Teresa
28%
1905, Österreich-Ungarn Bertha von Suttner
24%
2002, Vereinigte Staaten Jimmy Carter
24%
1926, Frankreich Aristide Briand
21%
1926, Deutsches Reich Gustav Stresemann
21%
1994, Israel Jitzchak Rabin
21%
1983, Polen Lech Wałęsa
21%
1901, Schweiz Henry Dunant
17%
1973, Vereinigte Staaten Henry Kissinger
17%
1919, Vereinigte Staaten Woodrow Wilson
17%
2001, Ghana Kofi Annan
14%
2022, Russland Memorial
14%
1984, Südafrika Desmond Tutu
10%
1993, Südafrika Frederik Willem de Klerk
10%
1994, Palästina Jassir Arafat
10%
2014, Pakistan Malala Yousafzai
10%
1989, Nepal Tenzin Gyatso (14. Dalai Lama)
10%
2001, Vereinigte Staaten Vereinte Nationen
10%
2019, Äthiopien Abiy Ahmed
7%
2007, Vereinigte Staaten Al Gore
7%
1978, Ägypten Anwar as-Sadat
7%
1999, Schweiz Ärzte ohne Grenzen
7%
1991, Myanmar Aung San Suu Kyi
7%
1925, Vereinigtes Königreich Austen Chamberlain
7%
1935, Deutsches Reich Carl von Ossietzky
7%
1922, Norwegen Fridtjof Nansen
7%
1964, Vereinigte Staaten Martin Luther King
7%
1978, Israel Menachem Begin
7%
1994, Israel Schimon Peres
7%
1961, Schweden Dag Hammarskjöld
3%
2011, Liberia Ellen Johnson Sirleaf
3%
1901, Frankreich Frédéric Passy
3%
1953, Vereinigte Staaten George C. Marshall
3%
1962, Vereinigte Staaten Linus Pauling
3%
2010, Volksrepublik China Liu Xiaobo
3%
2006, Bangladesch Muhammad Yunus
3%
1931, Vereinigte Staaten Nicholas Murray Butler
3%
1980, Argentinien Adolfo Pérez Esquivel
0%
1902, Schweiz Albert Gobat
0%
1960, Südafrika Albert John Luthuli
0%
2022, Belarus Ales Bjaljazki
0%
1982, Mexiko Alfonso García Robles
0%
1911, Österreich-Ungarn Alfred Hermann Fried
0%
1982, Schweden Alva Myrdal
0%
1947, Vereinigte Staaten American Friends Service Committee
0%
1977, Vereinigtes Königreich Amnesty International
0%
1975, Sowjetunion Andrei Dmitrijewitsch Sacharow
0%
1934, Vereinigtes Königreich Arthur Henderson
0%
1909, Belgien Auguste Beernaert
0%
1976, Vereinigtes Königreich Betty Williams
0%
1910, Schweiz Bureau International Permanent de la Paix
0%
1996, Osttimor Carlos Filipe Ximenes Belo
0%
1936, Argentinien Carlos Saavedra Lamas
0%
2022, Ukraine Center for Civil Liberties
0%
1925, Vereinigte Staaten Charles Gates Dawes
0%
1921, Norwegen Christian Lous Lange
0%
1945, Vereinigte Staaten Cordell Hull
0%
1998, Vereinigtes Königreich David Trimble
0%
2018, Demokratische Republik Kongo Denis Mukwege
0%
2021, Russland Dmitri Muratow
0%
1974, Japan Eisaku Satō
0%
1902, Schweiz Élie Ducommun
0%
1986, Vereinigte Staaten Elie Wiesel
0%
1912, Vereinigte Staaten Elihu Root
0%
1946, Vereinigte Staaten Emily Greene Balch
0%
1907, Königreich Italien Ernesto Teodoro Moneta
0%
1927, Frankreich Ferdinand Buisson
0%
1929, Vereinigte Staaten Frank Billings Kellogg
0%
1908, Dänemark Fredrik Bajer
0%
1988, Vereinigte Staaten Friedenstruppen der Vereinten Nationen
0%
1958, Belgien Georges Pire
0%
2006, Bangladesch Grameen Bank
0%
1913, Belgien Henri La Fontaine
0%
1921, Schweden Hjalmar Branting
0%
1904, Belgien Institut de Droit international
0%
2007, Schweiz Intergovernmental Panel on Climate Change
0%
1969, Schweiz Internationale Arbeitsorganisation
0%
2005, Österreich Internationale Atomenergie-Organisation
0%
1997, Schweiz Internationale Kampagne für das Verbot von Landminen
0%
2017, Schweiz Internationale Kampagne zur Abschaffung von Atomwaffen
0%
1917, Schweiz | 1944, Schweiz | 1963, Schweiz Internationales Komitee vom Roten Kreuz
0%
1985, Vereinigte Staaten International Physicians for the Prevention of Nuclear War
0%
1931, Vereinigte Staaten Jane Addams
0%
1997, Vereinigte Staaten Jody Williams
0%
1949, Vereinigtes Königreich John Boyd Orr
0%
1998, Vereinigtes Königreich John Hume
0%
1946, Vereinigte Staaten John Raleigh Mott
0%
1996, Osttimor José Ramos-Horta
0%
1995, Polen Józef Rotblat
0%
2016, Kolumbien Juan Manuel Santos
0%
2014, Indien Kailash Satyarthi
0%
2000, Süd Korea Kim Dae-jung
0%
1965, Vereinigte Staaten Kinderhilfswerk der Vereinten Nationen (UNICEF)
0%
1908, Schweden Klas Pontus Arnoldson
0%
1973, Vietnam Lê Đức Thọ
0%
1920, Frankreich Léon Bourgeois
0%
1951, Frankreich Léon Jouhaux
0%
1957, Kanada Lester Pearson
0%
2011, Liberia Leymah Gbowee
0%
1963, Schweiz Liga der Rotkreuz-Gesellschaften
0%
1907, Frankreich Louis Renault
0%
1927, Deutsches Reich Ludwig Quidde
0%
1976, Vereinigtes Königreich Mairead Corrigan
0%
2021, Philipinen Maria Ressa
0%
2008, Finnland Martti Ahtisaari
0%
2005, Ägypten Mohammed el-Baradei
0%
2018, Irak Nadia Murad
0%
2023, Iran Narges Mohammadi
0%
1930, Schweden Nathan Söderblom
0%
1933, Vereinigtes Königreich Norman Angell
0%
1970, Vereinigte Staaten Norman Borlaug
0%
1938, Schweiz Office international Nansen pour les réfugiés
0%
2013, Niederlande Organisation für das Verbot chemischer Waffen
0%
1987, Costa Rica Óscar Arias Sánchez
0%
1909, Frankreich Paul Henri d’Estournelles de Constant
0%
1959, Vereinigtes Königreich Philip Noel-Baker
0%
1995, Kanada Pugwash Conferences on Science and World Affairs
0%
2015, Tunesien Quartet du dialogue national
0%
1950, Vereinigte Staaten Ralph Bunche
0%
1968, Schweiz René Cassin
0%
1992, Guatemala Rigoberta Menchú
0%
1937, Vereinigtes Königreich Robert Cecil
0%
1974, Irland Seán MacBride
0%
2003, Iran Shirin Ebadi
0%
2011, Jemen Tawakkol Karman
0%
1947, Vereinigtes Königreich The Friends Service Council
0%
1911, Niederlande Tobias Asser
0%
1954, Schweiz | 1981, Schweiz United Nations High Commissioner for Refugees
0%
2004, Kenia Wangari Maathai
0%
2020, Italien Welternährungsprogramm der Vereinten Nationen
0%
1903, Vereinigtes Königreich William Randal Cremer
0%
Keine übereinstimmenden Quizze gefunden
Verteilung der Resultate
Anzahl Personen mit jedem Resultat
Perzentil nach korrekt beantworteten Fragen
Ihre Resultats-Entwicklung
Sie haben dieses Quiz noch nicht gespielt